000 00315nam a22001337a 4500
008 180122b xxu||||| |||| 00| 0 eng d
020 _a0807733008
041 _aeng
080 _a37
100 _a47
101 _aEDU
245 _aDiversity& developmentally appropriate practices
_cMallory,B.L
942 _2udc
_cBK
999 _c40666
_d40666